00784cam a2200241 a 450000100100000000500170001000800410002702000150006804000290008308200180011210000330013024500570016326000310022030000200025149000120027165000290028365000310031283000190034391000340036204900090039695201220040599900150052700001004920200929161823.0940526s1992 sp 001 0 spa  a8487417213 aDO-SdBNPbspacLCdBNPHU a861.64bR696v1 aRodríguez, Claudio.92498613aEl vuelo de la celebración /cClaudio Rodríguez. aMadrid :bLa Palma,c1992. a74 p. ;c21 cm.1 aRetorno 4aPoesía española9631 4aLiteratura española9632 0aRetorno925021 aCatalogación por copia / LC aBNGR 001052708MOaGRbGRcCTd2009-10-02iLF1l0o861.64 R696vp10049-10r2020-06-25w2020-06-25y2ZPréstamo interno c9808d9808